000 01343nam a2200409 c 4500
001 54039
003 ES-MaCES
005 20260113104617.0
008 260112s2025 sp o000 ||spa d
017 _aGR 1374-2025
_bDL
020 _a9791370330002
040 _aES-MaCES
_bspa
_cES-MaCES
100 1 _941593
_aJiménez Redondo, Juan Carlos
245 1 0 _aGlobalización y desglobalización
_b: batallas culturales e impacto político en las sociedades occidentales actuales
_cJuan Carlos Jiménez Redondo
260 _aGranada
_bComares
_c2025
300 _a184 p.
_c24 cm
490 1 _aVolverás a la Polis
504 _aBibliografía: p. 177-184
541 _cCompra
650 4 _aglobalización económica
_930653
650 4 _aliberalismo
_931222
650 4 _anacionalismo
_927126
650 4 _acambio social
_927286
650 4 _acambio cultural
_927262
650 4 _asistema de valores
_929392
650 4 _acomportamiento
_927271
650 4 _acomportamiento político
_927237
650 4 _aevaluación del impacto
_930732
650 4 _aproblema político
_927244
650 4 _ademocracia
_927175
650 4 _aEuropa
_926940
650 4 _aideología política
_927239
653 1 0 _aCiencias Sociales-Políticas
830 0 _940599
_aVolverás a la Polis
902 _aLIB Libro
942 _2CES
_cBK
_h7.0.
999 _c54039
_d54039